000
00380nam a22001217a 4500
003
SGT
082
_a
320
_b
K04U
100
_a
उपाध्याय, हिमांशु
245
_a
काशी की शिक्षण संस्थाओ का इतिहास
260
_b
विश्वनाथ प्रकाशन
_c
2004
300
_a
120
942
_2
ddc
_c
BK
999
_c
31882
_d
31882